000 00579nam a2200229Ia 4500
003 OSt
005 20221005122622.0
006 a|||||r|||| 00| 0
007 ta
008 221004b |||||||| |||| 00| 0 tam d
024 _a52413
037 _cTextual
040 _aCRL
_cCRL
_btam
041 _2tam
_atam
082 _aV21:72.C, 31N6
100 _aNareeswaran Artta Au.
_9632286
245 0 _aKalvettu valipatiyal
260 _c1996
650 _aHISTORY
942 _hV21:72.C, 31N6
_cTEXL
_2cc
999 _c1044841
_d1044841